K vyučování matematice na ZUŠ

Bibliographic Details
Main Author: Ostrý, Bohumil (Author)
Format: Article
Language:Slovak
Czech

MARC

LEADER 00000nab a2200000 a 4500
001 vtls010718417
003 SK-MaSNL
005 20260304191346.0
008 250709s xo |||||||||||||||||slo|
035 |a (urnnbn)urn:nbn:sk:snk:ar-a04p1p 
035 |a (uuid)3b877de5-f037-4922-86c2-df5cf079414a 
035 |a urn:nbn:sk:snk-ab3jyh 
040 |a SNKBUCL  |b slo  |c SNKBUCL  |e AACR2 
041 0 |a cze 
044 |a xo  |c SK 
100 1 |a Ostrý, Bohumil  |4 aut  |9 161988 
245 1 0 |a K vyučování matematice na ZUŠ  |c Bohumil Ostrý 
773 0 |t Otázky defektológie : časopis pre teóriu a prax na školách a v zariadeniach pre mládež vyžadujúcu osobitnú starostlivosť  |g Roč. 12, č. 1 (1969-1970), s. 6-11 
850 |a Slovenská národná knižnica 
852 |a Slovenská národná knižnica 
958 |a article1 
958 |a OND 
958 |a EUIPO 
999 |c 3053621  |d 3055551